000
00293nam a22001337a 4500
008
211012b ||||| |||| 00| 0 eng d
041
_a
eng
080
_a
510
082
_a
510
100
_a
36
101
_a
MAT
245
_a
Discoveries in Modern Mathematics
_c
Smith,E.P
942
_2
udc
_c
BK
999
_c
58178
_d
58178